[Event "CZE-ch Juniors op-B"]
[Site "Sec u Chrudimi"]
[Date "2008.03.15"]
[Round "9"]
[White "Tuma, Josef"]
[Black "Vanicek, Lukas"]
[Result "1-0"]
[WhiteElo "1790"]
[BlackElo "1568"]
[PlyCount "65"]
[EventDate "2008.03.08"]
[EventType "swiss"]
[EventRounds "9"]
[EventCountry "CZE"]
[SourceTitle "EXT 2009"]
[Source "ChessBase"]
[SourceDate "2008.11.26"]
[SourceVersion "1"]
[SourceVersionDate "2008.11.26"]
[SourceQuality "1"]

1. e4 c5 2. d4 cxd4 3. c3 g6 4. cxd4 Bg7 5. Bc4 d6 6. Qb3 e6 7. Nf3 Nc6 8. e5 dxe5 9. dxe5 Nxe5 10. Nxe5 Qa5+ 11. Nc3 Qxe5+ 12. Be3 Ne7 13. Bb5+ Nc6 14. Bxc6+ bxc6 15. Qb4 Rb8 16. Qa3 c5 17. 0-0 0-0 18. Bxc5 Rd8 19. Rae1 Qc7 20. b4 Bxc3 21. Qxc3 Ba6 22. Qf6 Bxf1 23. Be3 Kf8 24. Bg5 Ke8 25. Rxe6+ fxe6 26. Qxe6+ Kf8 27. Bh6+ Qg7 28. Qf6+ Ke8 29. Qxg7 Ba6 30. h3 Rb7 31. Qg8+ Kd7 32. Qxh7+ Kc6 33. Qxg6+ 1-0

[Event "CZE-ch Juniors op-B"]
[Site "Sec u Chrudimi"]
[Date "2008.03.08"]
[Round "1"]
[White "Baloghova, Darina"]
[Black "Tuma, Josef"]
[Result "0-1"]
[WhiteElo "1402"]
[BlackElo "1790"]
[PlyCount "46"]
[EventDate "2008.03.08"]
[EventType "swiss"]
[EventRounds "9"]
[EventCountry "CZE"]
[SourceTitle "EXT 2009"]
[Source "ChessBase"]
[SourceDate "2008.11.26"]
[SourceVersion "1"]
[SourceVersionDate "2008.11.26"]
[SourceQuality "1"]

1. d4 d5 2. e3 Nf6 3. Bd3 g6 4. Nf3 Bg7 5. h3 0-0 6. 0-0 b6 7. Qe2 Bb7 8. Nc3 c5 9. b3 a6 10. Qe1 Qc7 11. e4 cxd4 12. Nxd4 Nfd7 13. Be3 e5 14. Nce2 dxe4 15. Bxe4 Bxe4 16. Ng3 exd4 17. Nxe4 dxe3 18. Rd1 Nc6 19. fxe3 Rae8 20. Nd6 Re6 21. Nc4 b5 22. Nd2 Bh6 23. Rf3 Nd4 0-1

[Event "Most op"]
[Site "Most"]
[Date "2004.??.??"]
[Round "2"]
[White "Sekanina, Jiri"]
[Black "Tuma, Josef"]
[Result "1-0"]
[WhiteElo "2120"]
[BlackElo "1750"]
[PlyCount "107"]
[EventDate "2004.??.??"]
[EventType "swiss"]
[EventRounds "9"]
[EventCountry "CZE"]
[SourceTitle "EXT 2007"]
[Source "ChessBase"]
[SourceDate "2006.11.23"]
[SourceVersion "1"]
[SourceVersionDate "2006.11.23"]
[SourceQuality "1"]

1. c4 Nf6 2. g3 g6 3. Bg2 d5 4. cxd5 Nxd5 5. Nc3 Nxc3 6. bxc3 c6 7. Nf3 Bg7 8. 0-0 0-0 9. Rb1 Nd7 10. c4 Qc7 11. Bb2 e5 12. d3 Re8 13. Qc2 c5 14. Bc3 Rb8 15. a4 Nf8 16. Qb2 Bd7 17. a5 b5 18. axb6 axb6 19. Ra1 b5 20. cxb5 Rxb5 21. Qc2 Ne6 22. e3 Nd8 23. Rfb1 Rxb1+ 24. Rxb1 Nc6 25. Nd2 Bf5 26. Ne4 Qe7 27. Qa4 Rc8 28. h3 h5 29. Rb5 Nd8 30. Qa3 Ne6 31. Rb7 Rc7 32. Qa8+ Kh7 33. Rxc7 Qxc7 34. Qd5 Qb6 35. Bxe5 Bxe5 36. Qxe5 Qb1+ 37. Kh2 Qxd3 38. Nf6+ Kh6 39. e4 Qe2 40. Qc3 Qxf2 41. exf5 Qxf5 42. Ne4 Kh7 43. Nd6 Qf2 44. Qf3 Qxf3 45. Bxf3 Kg7 46. Bd5 Kf6 47. Ne4+ Kf5 48. Bxe6+ fxe6 49. Nxc5 e5 50. Kg2 e4 51. Kf2 h4 52. g4+ Kf4 53. Ne6+ Ke5 54. Nf8 1-0

[Event "Most op"]
[Site "Most"]
[Date "2004.??.??"]
[Round "8"]
[White "Tuma, Josef"]
[Black "Pecka, Frantisek"]
[Result "0-1"]
[WhiteElo "1750"]
[BlackElo "2070"]
[PlyCount "62"]
[EventDate "2004.??.??"]
[EventType "swiss"]
[EventRounds "9"]
[EventCountry "CZE"]
[SourceTitle "EXT 2007"]
[Source "ChessBase"]
[SourceDate "2006.11.23"]
[SourceVersion "1"]
[SourceVersionDate "2006.11.23"]
[SourceQuality "1"]

1. e4 c5 2. d4 cxd4 3. c3 dxc3 4. Nxc3 d6 5. Bc4 g6 6. Nf3 a6 7. 0-0 Bg7 8. e5 Nc6 9. exd6 Qxd6 10. Qxd6 exd6 11. Re1+ Nge7 12. Nd5 Kf8 13. Nb6 Rb8 14. Re2 Bg4 15. Bf4 Rd8 16. Rae1 Bxf3 17. gxf3 Ne5 18. Bxe5 dxe5 19. f4 Rd6 20. Na8 Rd4 21. Re4 Rxe4 22. Rxe4 Nc6 23. Nc7 Bf6 24. Bd5 exf4 25. Rxf4 Kg7 26. Nxa6 Nd4 27. Rxf6 Kxf6 28. Bxb7 Re8 29. b4 Re1+ 30. Kg2 Ra1 31. b5 Nxb5 0-1

[Event "Most op"]
[Site "Most"]
[Date "2004.??.??"]
[Round "3"]
[White "Tuma, Josef"]
[Black "Svoboda, Jaroslav"]
[Result "0-1"]
[WhiteElo "1750"]
[BlackElo "1995"]
[PlyCount "48"]
[EventDate "2004.??.??"]
[EventType "swiss"]
[EventRounds "9"]
[EventCountry "CZE"]
[SourceTitle "EXT 2007"]
[Source "ChessBase"]
[SourceDate "2006.11.23"]
[SourceVersion "1"]
[SourceVersionDate "2006.11.23"]
[SourceQuality "1"]

1. e4 e5 2. Nf3 f5 3. Nxe5 Qf6 4. d4 d6 5. Nf3 fxe4 6. Ng1 d5 7. Be3 Be6 8. Qh5+ Bf7 9. Qe5+ Qxe5 10. dxe5 Nc6 11. Bb5 Nge7 12. f4 0-0-0 13. c3 Nf5 14. Bc1 Bc5 15. Bxc6 bxc6 16. g4 Ne3 17. Bxe3 Bxe3 18. Nh3 h5 19. g5 Bc1 20. Kd1 Bxb2 21. Kc2 Bxa1 22. f5 d4 23. e6 Bxe6 24. fxe6 Rhf8 0-1